• 首页
  • 本馆介绍
  • 公告通知
  • 最新文献
  • 馆藏检索
  • 电子资源
  • 读者导购
  • 参考咨询
  • 我的图书馆
  • 登录
  • 详细信息显示
  • 放入我的书架
  • 预约/预借图书
  • 作者相关作品
  • 分类相关作品
  • 丛书相关作品
  • 出版社相关作品

书目信息

  • 表格格式
  • 工作单格式
  • 卡片格式
题名:
买卖合同案件审判参考
    
 
作者: 闫梁红 , 李锐 编著
分册:  
出版信息: 北京   人民法院出版社  2018
页数: 293页
开本: 24cm
丛书名: 黑龙江法院审判参考丛书
单 册:
中图分类: D923.65
科图分类:
主题词: 买卖合同--合同纠纷--审判--案例--中国
电子资源:
ISBN: 978-7-5109-2069-1
000 01039oam2 2200265 450
001 012001003580
005 20140926114741.0
010    @a978-7-5109-2069-1@dCNY52.00
100    @a20180714d2018 em y0chiy50 ea
101 0  @achi
102    @aCN@b110000
105    @ay z 000yy
106    @ar
200 1  @a买卖合同案件审判参考@9mai mai he tong an jian shen pan can kao@f闫梁红,李锐编著
210    @a北京@c人民法院出版社@d2018
215    @a293页@d24cm
225 1  @a黑龙江法院审判参考丛书@v12
330    @a本书围绕买卖合同案件审判实践中的法律适用问题,梳理法律适用中的重点、疑难、新型问题,通过案例分析的方式总结同类案件的审判规律与经验、审理思路、审理方法与技巧,纠正实践中的错误做法,统一司法尺度,力求为初中级法官、律师办理同类案件提供必备的指导与参考。
461  0 @12001 @a黑龙江法院审判参考丛书
606 0  @a买卖合同@x合同纠纷@x审判@x案例@y中国
690    @aD923.65@v5
701  0 @a闫梁红@9yan liang hong@4编著
701  0 @a李锐@9li rui@4编著
801  0 @aCN@b上海新华@c20180901
905    @b1163143-7@dD923.65@e1987@f5
    
    买卖合同案件审判参考/闫梁红,李锐编著.-北京:人民法院出版社,2018
    293页;24cm.-(黑龙江法院审判参考丛书;12)
    
    
    ISBN 978-7-5109-2069-1:CNY52.00
    本书围绕买卖合同案件审判实践中的法律适用问题,梳理法律适用中的重点、疑难、新型问题,通过案例分析的方式总结同类案件的审判规律与经验、审理思路、审理方法与技巧,纠正实践中的错误做法,统一司法尺度,力求为初中级法官、律师办理同类案件提供必备的指导与参考。
●
相关链接 在E读中查询图书 在五车中查询图书 在当当中查询图书 在豆瓣中查询图书


正题名:买卖合同案件审判参考     索取号:D923.65/1987         预约/预借

序号 登录号 条形码 馆藏地/架位号 状态 备注
1 1163143   211631439   第一样本阅览室/ [索取号:D923.65/1987] 在馆    
2 1163144   211631448   第一借阅区/ [索取号:D923.65/1987] 在馆    
3 1163145   211631457   第一借阅区/ [索取号:D923.65/1987] 在馆    
4 1163146   211631466   第一借阅区/ [索取号:D923.65/1987] 在馆    
5 1163147   211631475   密集书库-史法系/ [索取号:D923.65/1987] 在馆    
唐山师范学院图书馆 欢迎您!
大连网信软件有限公司© 版权所有